Suplementación mineral y con nitrógeno no proteico del bovino a pastoreo /

Guardado en:
Autor Principal: Bavera, Guillermo Alejandro.
Formato: Libro
Idioma:Spanish
Publicado: Río Cuarto : ed. del autor, 2006.
Edición:3a ed.
Etiquetas: Agregar Etiqueta
Sin Etiquetas, Sea el primero en etiquetar este registro!
LEADER 01575nam a22001695a 4500
001 EEA.libagro007995
005 20171017120519.0
008 130809s2006####ag#a##########000#0#spa#d
020 |a 9870511570 
082 0 4 |a 636.20877 
100 1 |a Bavera, Guillermo Alejandro. 
245 1 0 |a Suplementación mineral y con nitrógeno no proteico del bovino a pastoreo /  |c Guillermo Alejandro Bavera. 
250 |a 3a ed. 
260 |a Río Cuarto :  |b ed. del autor,  |c 2006. 
300 |a 283 p. :  |b il. ;  |c 29 cm. 
505 0 |a Capítulo I: Elementos minerales esenciales -- Capítulo II: Macroelementos -- Capítulo III: Oligoelementos -- Capítulo IV: Elementos minerales tóxicos -- Capítulo V: Composición mineral e ingestión de las pasturas -- Capítulo VI: El agua de bebida en la nutrición mineral -- Capítulo VII: Necesidad de suplementar con minerales -- Capítulo VIII: Métodos de suministro mineral al ganado en pastoreo -- Capítulo IX: Consumo del suplemento mineral -- Capítulo X: Determinación de deficiencias minerales -- Capítulo XI: Información para formular suplementaciones dietéticas minerales -- Capítulo XII: Formulación básica de suplementaciones dietéticas minerales -- Capítulo XIII. Formulación de suplementaciones dietéticas minerales según información poseída -- Capítulo XIV. Control de mezclas comerciales -- Capítulo XV. Costo y manejo a campo de la suplementación dietética mineral -- Capítulo XVI. Suplementación mineral nitrogenada (con NNP) -- Apéndice -- Bibliografía citada. 
859 |a AR-BbBCA  |b BIB. AGRONOMIA  |h 636.20877  |i B353a3  |p 2008/5384